000 00668nam a22002051 4500
001 142206
003 ES-MaACL
005 20230906200453.0
007 t|
008 071003s1946 sp ||||0| spa d
080 _a356.251.21
100 1 _aWindecke, Christian.
_9117062
245 1 0 _aEspionaje :
_blos servicios secretos de las grandes potencias /
_cChristian Windecke ; [versión española de P.W.].
250 _a1ª ed.
260 _aBarcelona :
_bLuis de Caralt :
_bSociedad General de Publicaciones,
_c[1946]
300 _a229 p. ;
_c20 cm.
650 _aServicios de inteligencia.
_9145145
650 4 _aEspionaje.
_9145144
852 _aES-MaACL
_jB-10498
999 _c142206
_d142206